000 01063cam a2200229 4500
001 WB3815-27
008 020425n2002 000 0 eng u
035 _a(Sirsi) u117672
245 _aTax breaks could boost urban regeneration
260 _c2002
490 _aEconomic and Social Research Council Press Release
_v 15 April 2002 (4)
520 _aA report into international tax measures for urban renewal has recommended that local authorities should be given the power to provide funding for commercially unviable regeneration projects by using the extra property tax revenue the projects would generate once an area has improved. "Fiscal incentives for urban regeneration" is available from Karen Emerton at ESRC, t 01382 413 122. http://www.esrc.ac.uk/esrccontent/news/april02-1.asp
590 _aWB
650 _aREGENERATION PROJECTS
650 _aURBAN RENEWAL
650 _aTAX BREAKS
650 _aLOCAL AUTHORITIES
650 _aLOCAL PROPERTY TAX
650 _aECONOMIC AND SOCIAL RESEARCH COUNCIL
690 _aTAXATION
942 _n0
999 _c70072
_d70072